Statistics for African countries by alcohol consumption per capita

Click here to take the quiz!

General Stats

  • This quiz has been taken 20 times
  • The average score is 11 of 16

Answer Stats

Country Litres per capita % Correct
South Africa9.3
100%
Nigeria13.4
95%
Botswana8.4
84%
Namibia9.8
79%
Rwanda9
79%
Tanzania9.4
74%
Seychelles13.8
68%
Gabon11.5
68%
Uganda9.5
68%
Cameroon8.9
68%
Republic of the Congo7.8
68%
Côte d'Ivoire8.4
63%
Burundi7.5
58%
Equatorial Guinea11.3
53%
Eswatini9.9
37%
Burkina Faso8.2
32%

Score Distribution

Percentile by Number Answered

Percent of People with Each Score

Your Score History

You have not taken this quiz